banner koha

Avaliação eletrolítica e hematológica em filhotes de cães com enterite por parvovírus associado ou não ao coronavírus. (Registro n. 213228)

MARC details
000 -LÍDER
campo de controle de tamanho fixo 01143nas a2200325 4500
001 - NÚMERO DE CONTROLE
campo de controle BR2011003064
003 - IDENTIFICADOR DO NÚMERO DE CONTROLE
campo de controle BR-BrBNA
005 - DATA E HORÁRIO DA ÚLTIMA TRANSAÇÃO
campo de controle 20231205115326.0
007 - CAMPO FIXO DE DESCRIÇÃO FÍSICA--INFORMAÇÃO GERAL
campo de controle de tamanho fixo ta
008 - CAMPO DE DADOS FIXOS--INFORMAÇÃO GERAL
campo de controle de tamanho fixo 230509b bl.|||p| |||| 00| 00por d
040 ## - FONTE DA CATALOGAÇÃO
Instituição da catalogação original BR-BrBNA
Idioma da catalogação por
Instituição que transcreveu o registro Biblioteca Nacional de Agricultura
041 ## - CÓDIGO DE IDIOMA
Código do idioma do texto/trilha sonora ou título diferente (Pt)
072 ## - CÓDIGO DE CATEGORIA DE ASSUNTO
Código de Categoria de Assunto L70
100 1# - ENTRADA PRINCIPAL--NOME PESSOAL
Nome pessoal Nascimento, H. do
100 1# - ENTRADA PRINCIPAL--NOME PESSOAL
Nome pessoal Silva, L.C. da
100 1# - ENTRADA PRINCIPAL--NOME PESSOAL
Nome pessoal Tramontini, A.Z.
100 1# - ENTRADA PRINCIPAL--NOME PESSOAL
Nome pessoal Haddad Neta, J.
100 1# - ENTRADA PRINCIPAL--NOME PESSOAL
Nome pessoal Trapp, S.M.
245 1# - TÍTULO
Título Avaliação eletrolítica e hematológica em filhotes de cães com enterite por parvovírus associado ou não ao coronavírus.
246 1# - FORMA VARIANTE DO TÍTULO
Título/título abreviado Hematologic and eletrolitic evaluation of puppies with parvoviral enteritis associated or with coronavirus.
650 ## - ASSUNTO--TERMO TÓPICO
Cabeçalho tópico ou nome geográfico CÃO
650 ## - ASSUNTO--TERMO TÓPICO
Cabeçalho tópico ou nome geográfico PARVOVIROSE
650 ## - ASSUNTO--TERMO TÓPICO
Cabeçalho tópico ou nome geográfico DIARRÉIA
650 ## - ASSUNTO--TERMO TÓPICO
Cabeçalho tópico ou nome geográfico ELETRÓLITO
650 ## - ASSUNTO--TERMO TÓPICO
Cabeçalho tópico ou nome geográfico ANEMIA
650 ## - ASSUNTO--TERMO TÓPICO
Cabeçalho tópico ou nome geográfico HEMATOLOGIA
773 0# - ENTRADA ANALÍTICA
Título MEDVEP.Revista Científica de Medicina Veterinária. Pequenos Animais e Animais de Estimação (Brazil)
ISSN - International Standard Serial Number ISSN 1676-1430
Partes relacionadas (Jan-Mar 2007), v. 5(14) p. 8-14
Número de controle do registro BR2011003064
909 ## -
-- 202311
-- Lúcia
-- 55
-- Lúcia Elande
942 ## - ELEMENTOS DE ENTRADA ADICIONADOS (KOHA)
Fonte da classificação ou esquema de arquivamento na estante Classificação AGRIS
Ocultar no OPAC Não
Tipo de material Koha Analítica
Exemplares
Situação do descarte Fonte da classificação ou esquema de arquivamento na estante Situação física Não pode ser emprestado Biblioteca de origem Biblioteca atual Localização na estante Enumeração do periódico / cronologia Total de empréstimos Data de último acesso Número do exemplar Tipo de material Koha Fonte de aquisição
  Classificação AGRIS   Consulta local Biblioteca Nacional de Agricultura - Binagri Biblioteca Nacional de Agricultura - Binagri   (Jan-Mar 2007), v. 5(14) p. 8-14   29/11/2023 01 Periódicos Portaria Interministerial nº 164/94

BINAGRI

Telefone: (61)3218-2567/2388/3357/2097 - binagri@agro.gov.br

Ministério da Agricultura e Pecuária , Esplanada dos Ministérios, Bloco D, Anexo B, Brasília/DF, CEP: 70.043-900